000 00557nam a22001817a 4500
005 20251108163344.0
008 250721s1989 xx 000 0 ara d
082 1 4 _a210.430143/عبد
100 1 _aواصل، عبد الرحمن
245 1 0 _aمشكلات الشباب الجنسية و العاطفية تحت أضواء الشريعة الإسلامية /
250 _aط0
264 1 _aالقاهرة :
_bمكتبة وهبه،
_c1989.
300 _a319ص.
650 1 7 _aالإسلام
650 1 7 _aالشباب
942 _2ddc
_cBK
999 _c612
_d612